LDR 00443naa#a2200145#i#450# 001 EN\\bibl\123051 005 20260513044234.3 011 ## _a2409-1073 100 ## _a20230920b2023####ek#y0engy0150####ca 102 ## _aRU 200 1# _aVladimir Aleksandrovich Bespalov is 65 years of age _eJournal article 210 1# _aMoscow _cNational Research University of Electronic Technology _d2023 215 ## _a0 с. 608 ## _aJournal article _2local 856 4# _aesgi-journal.ru _u